000 00853cab a2200217 4500
001 L136045
008 070104n2006 000 0 eng u
035 _a(Sirsi) u136045
041 0 _aeng
100 1 _aSmith, Andrew
245 0 0 _aGive the right directions
260 _c2006
490 0 _aEstates Gazette
_v(0649) 9 December 2006, 90-91(2)
520 _aDiscusses appeals against awards made under the Party Wall Etc Act 1996, and the implications these have for surveyors. Advises on the importance of giving early consideration to the evidence necessary for a successful appeal, and in seeking specific directions giving permission to call relevant evidence.
590 _aKA
650 2 4 _aPARTY WALL ETC ACT 1996
650 2 4 _aCIVIL PROCEDURE RULES PART 52
651 4 _aUnited Kingdom
_y
690 _aDISPUTE MANAGEMENT
942 _n0
999 _c78116
_d78116